000 00719nam a2200241Ia 4500
001 870
003 GE_BSU
008 181216s||||||||xx |||||||||||||| ||und||
020 _a509008981
040 _cGE_BSU
080 _a372.874(072)
100 _aДмитриева, Л.Г. Чернованенко, Н.М.
245 _aМетодика музыкального воспитания в школе
245 _bДля учащ-ся пед.училищ
260 _aМосква
260 _bПросвещение
260 _c1989
300 _a207стр.
541 _h6л.
653 _aМетодика музыкального воспитания
653 _aПедагогика
942 _cBK
999 _c35031
_d35031